COMPANY LAW (Record no. 10517)
[ view plain ]
| 000 -LEADER | |
|---|---|
| fixed length control field | 00323nam a22001577a 4500 |
| 003 - CONTROL NUMBER IDENTIFIER | |
| control field | SGT |
| 020 ## - INTERNATIONAL STANDARD BOOK NUMBER | |
| International Standard Book Number | 9789350719770 |
| 082 ## - DEWEY DECIMAL CLASSIFICATION NUMBER | |
| Classification number | 344.0954 KAP |
| 100 ## - MAIN ENTRY--PERSONAL NAME | |
| Personal name | KAPOOR,G.K |
| 245 ## - TITLE STATEMENT | |
| Title | COMPANY LAW |
| 250 ## - EDITION STATEMENT | |
| Edition statement | 19TH |
| 260 ## - PUBLICATION, DISTRIBUTION, ETC. (IMPRINT) | |
| Place of publication, distribution, etc | NEW DELHI |
| Name of publisher, distributor, etc | TAXMANN |
| Year of Publication | 2016 |
| 300 ## - PAGE DESCRIPTION | |
| No. of Pages | 654 |
| 650 ## - SUBJECT ADDED ENTRY--TOPICAL TERM | |
| Topical term or geographic name as entry element | COMPANY LAW |
| 942 ## - ADDED ENTRY ELEMENTS (KOHA) | |
| Source of classification or shelving scheme | Dewey Decimal Classification |
| Koha item type | FCM Books |
| 942 ## - ADDED ENTRY ELEMENTS (KOHA) | |
| -- | 1 |
| Withdrawn status | Lost status | Source of classification or shelving scheme | Damaged status | Not for loan | Collection code | Home library | Current library | Shelving location | Date acquired | Vendor Name | Cost, normal purchase price | SGTU | Bill Number | Total Checkouts | Full call number | Accession No. (Barcode) | Date last seen | Date last borrowed | Bill Date | Koha item type | Total Renewals |
|---|---|---|---|---|---|---|---|---|---|---|---|---|---|---|---|---|---|---|---|---|---|
| Dewey Decimal Classification | COMMERCE MANAGEMENT | SGT Science & Social Sciences Library | SGT Science & Social Sciences Library | On Display | 19/01/2017 | INDIAN PUBLISHERS & DISTRIBUTORS | 625.00 | SGTU | 117 | 26 | 344.0954 KAP | CM3404 | 13/11/2019 | 22/10/2019 | 20/12/2016 | FCM Books | |||||
| Dewey Decimal Classification | COMMERCE MANAGEMENT | SGT Science & Social Sciences Library | SGT Science & Social Sciences Library | On Display | 19/01/2017 | INDIAN PUBLISHERS & DISTRIBUTORS | 625.00 | SGTU | 117 | 24 | 344.0954 KAP | CM3405 | 22/12/2021 | 22/12/2021 | 20/12/2016 | FCM Books | 2 | ||||
| Dewey Decimal Classification | COMMERCE MANAGEMENT | SGT Science & Social Sciences Library | SGT Science & Social Sciences Library | On Display | 19/01/2017 | INDIAN PUBLISHERS & DISTRIBUTORS | 625.00 | SGTU | 117 | 27 | 344.0954 KAP | CM3406 | 21/11/2019 | 07/11/2019 | 20/12/2016 | FCM Books | |||||
| Dewey Decimal Classification | Not For Loan | COMMERCE MANAGEMENT | SGT Science & Social Sciences Library | SGT Science & Social Sciences Library | Reference Book | 19/01/2017 | INDIAN PUBLISHERS & DISTRIBUTORS | 625.00 | SGTU | 117 | 10 | 344.0954 KAP | CM3407 | 04/11/2019 | 10/10/2019 | 20/12/2016 | FCM Books | ||||
| Dewey Decimal Classification | COMMERCE MANAGEMENT | SGT Science & Social Sciences Library | SGT Science & Social Sciences Library | On Display | 19/01/2017 | INDIAN PUBLISHERS & DISTRIBUTORS | 625.00 | SGTU | 117 | 26 | 344.0954 KAP | CM3408 | 09/12/2019 | 06/12/2019 | 20/12/2016 | FCM Books |